| 000 | 01007nam a2200313 i 4500 | ||
|---|---|---|---|
| 003 | EG-GICUC | ||
| 005 | 20260421134450.0 | ||
| 008 | 260421s1955 it |||fr|||| 001 0 ita d | ||
| 040 |
_aEG-GiCUC _bita _cEG-GiCUC _dEG-GiCUC _erda |
||
| 041 | _aita | ||
| 082 | 0 | 4 |
_221 _a343.82 _bAL . P |
| 092 | 0 | 4 | _221 |
| 099 | _aLaw1 10 343.82 AL . P 1955 | ||
| 100 | 1 |
_aAltavilla, Enrico _eAuthor. |
|
| 245 | 1 | 0 |
_aPsicologia giudiziaria / _cCon Prefazione di ENRICO FERRI Enrico Altavilla |
| 250 |
_aQuarta edizione _baggiornata e notevolmente accresciuta |
||
| 264 | 1 |
_aTorino : _bUnione tip.-editrice torinese, _c1955. |
|
| 300 |
_a414 pages ; _c24 cm |
||
| 336 |
_2rda content _atext |
||
| 337 |
_2rda media _aComputer |
||
| 338 |
_2rda carrier _aOnline Resource |
||
| 500 | _aInclude index | ||
| 546 | _a Text in Italian | ||
| 650 | 1 | 4 |
_aLa scienza dell'autocontrollo _2qrmak |
| 651 | 1 | _2qrmak | |
| 856 | 4 | 0 | _uhttps://fll.law.cu.edu.eg/fulltext/bks/B10-10599.pdf |
| 905 | _a161 | ||
| 942 |
_2ddc _cBK _e21 _n0 |
||
| 999 |
_c72548 _d72548 |
||